První linie. Poslední hlídka /
Další pokračování military sci-fi série.
Uloženo v:
| Série: | První linie,
část 8 |
|---|---|
| Hlavní autor: | |
| Další autoři: | |
| Médium: | Kniha |
| Jazyk: | Czech |
| Vydáno: |
Ostrava :
Fantom Print,
2026
|
| Vydání: | 1. vydání |
| Témata: | |
| Celkem bylo vypůjčeno: | 0x |
| Příbuzné jednotky: | Z cyklu::
První linie |
| Tagy: |
Žádné tagy |
| LEADER | 02575nam a2200457 i 4500 | ||
|---|---|---|---|
| 001 | 106219 | ||
| 003 | CZ PrNK | ||
| 005 | 20260428154741.0 | ||
| 007 | ta | ||
| 008 | 260414s2026 xr g 000 f cze | ||
| 015 | |a cnb003751071 | ||
| 020 | |a 9788075941688 |q (brožováno) | ||
| 040 | |a ABG001 |b cze |e rda | ||
| 041 | 1 | |a cze |h eng | |
| 072 | 7 | |a 821.111-3 |x Anglická próza, anglicky psaná |2 Konspekt |9 25 | |
| 080 | |a 821.111-31 |2 MRF | ||
| 080 | |a (0:82-311.9) |2 MRF | ||
| 100 | 1 | |a Kloos, Marko, |d 1971- |7 xx0211603 |4 aut |9 111031 | |
| 240 | 1 | 0 | |a Centers of gravity. |l Česky |
| 245 | 1 | 0 | |a První linie. |p Poslední hlídka / |c Marko Kloos ; překlad Jakub Mařík |
| 246 | 3 | 0 | |a Poslední hlídka |
| 250 | |a 1. vydání | ||
| 264 | 1 | |a Ostrava : |b Fantom Print, |c 2026 | |
| 300 | |a 332 stran ; |c 21 cm | ||
| 336 | |a text |b txt |2 rdacontent | ||
| 337 | |a bez média |b n |2 rdamedia | ||
| 338 | |a svazek |b nc |2 rdacarrier | ||
| 500 | |a Přeloženo z angličtiny | ||
| 500 | |a Na hřbetu označení svazku: VIII | ||
| 520 | 2 | |a Další pokračování military sci-fi série. |b Major Andrew Grayson a posádka SAKL Washington uvízli v soustavě bez slunce vzdálené devět set světelných let od domova. Dochází jim voda, palivo i potraviny. Při průzkumné výpravě na jediném měsíci, který vykazuje známky života, Andrew a jeho speciální taktický tým učiní dva překvapivé objevy. První je sen - proteiny, které mohou zachránit hladovějící lidi v soustavě. Druhý je noční můrou - měsíc je zamořený Dlouhány. Nejsou to však ti nemyslící nájezdníci, se kterými Andrew poslední roky bojoval. Tihle vykazují znepokojivou inteligenci a v temnotě skrývají svá vlastní děsivá tajemství. Když Dlouháni zjistí, že se na jejich světě nacházejí vetřelci, Andrewova operace se rychle promění v peklo a uvízlá mateřská loď musí všechno vsadit na jedinou kartu, aby unikla z pasti bludné bezhvězdné soustavy. Nakladatelská anotace. | |
| 655 | 7 | |a anglicky psané romány |7 fd131805 |2 czenas |9 53412 | |
| 655 | 7 | |a vědecko-fantastické romány |7 fd133847 |2 czenas |9 133 | |
| 655 | 9 | |a fiction in English |2 eczenas | |
| 655 | 9 | |a science fiction novels |2 eczenas | |
| 700 | 1 | |a Mařík, Jakub, |d 1981- |7 xx0073715 |4 trl |9 8198 | |
| 710 | 2 | |a Fantom Print (nakladatelství) |7 xx0232335 |4 pbl |9 117300 | |
| 787 | 0 | 8 | |i Z cyklu: |t První linie |g 8 |
| 910 | |a UOG502 | ||
| 942 | |2 ddc |c KN | ||
| 999 | |d 106219 | ||
| 993 | |0 0 |1 421180106945 |2 ddc |4 0 |7 0 |9 99562 |b 0 |c 106945 |d 2026-04-28 |e 0 |f DOSP |h 399.00 |i Koupě |l DOSP |r 2026-04-28 |t 6 |w 2026-04-28 |y KN |z SFF |n | ||